| 000 | 01987nam a22002297a 4500 | ||
|---|---|---|---|
| 999 |
_c63134 _d63134 |
||
| 003 | Ge_BSU | ||
| 005 | 20250610110710.0 | ||
| 008 | 250610s2025 ge ||||| |||| 00| 0 geo d | ||
| 041 | _ageo | ||
| 080 | _a57 ვ-12 | ||
| 100 |
_aვადაჭკორია, თენგიზ _95710 |
||
| 245 |
_aაჭარის აგროცენოზები თავისუფლად მცხოვრები და ფიტოპარაზიტული ნემატოდების ბიოეკოლოგიური მონიტორინგი / _cთენგიზ ვადაჭკორია; სამეც. ხელ-ლი: ლალი ჟღენტი, ეკა ცქიტიშვილი; სსიპ "ბათუმის შოთა რუსთაველის სახელმწიფო უნივერსიტეტი" საბუნებისმეტყველო მეცნიერებათა და ჯანდაცვის ფაკულტეტი. ბიოლოგიის დეპარტამენტი |
||
| 264 |
_aბათუმი, _c2025. |
||
| 300 |
_a154 გვ. : _bილ.; _c30 სმ. |
||
| 653 | _aაჭარის აგროცენოზები | ||
| 653 | _aბიოლოგია | ||
| 653 | _aდისერტაცია | ||
| 700 |
_aჟღენტი, ლალი _eსამეცნიერო ხელ-ლი _922309 |
||
| 700 |
_aცქიტიშვილი, ეკა _eსამეცნიერო ხელ-ლი _925355 |
||
| 710 |
_aსსიპ "ბათუმის შოთა რუსთაველის სახელმწიფო უნივერსიტეტი" _bსაბუნებისმეტყველო მეცნიერებათა და ჯანდაცვის ფაკულტეტი. ბიოლოგიის დეპარტამენტი _925356 |
||
| 942 |
_2udc _cDS |
||